Quantitative approaches to management

Bibliographic Details
Other Authors: Gardner, Everette S, LRubin, David S, Stinson, Joel P
Format: Book
Published: New York : McGraw-Hill , 1992
Edition:8th ed
Subjects:

MARC

LEADER 00000cam a2200000 7i4500
001 0000000914
002 000001019
005 20000330.0
020 |a 0071126910 
090 0 0 |a 658.4034   |b QUA 
245 0 0 |a Quantitative approaches to management   |c Richard I.Levin...[et al.] 
250 |a 8th ed 
260 |a New York :   |b McGraw-Hill ,   |c 1992 
300 |a 920p ;   |c 28cm. 
650 0 0 |a Operation research 
700 1 |a Gardner, Everette S 
700 1 |a LRubin, David S 
700 1 |a Stinson, Joel P 
999 |a 029235   |b BUKU   |c PINJAMAN   |e PERPUSTAKAAN KOMUNITI PETALING JAYA 
999 |a 029236   |b BUKU   |c PINJAMAN   |e PERPUSTAKAAN KOMUNITI PETALING JAYA